000 00297nam a22001337a 4500
008 170530b xxu||||| |||| 00| 0 eng d
020 _a0127859225
041 _aeng
080 _a94(100)
100 _a17
101 _aSHH
245 _aTHE MODERN WORLD-SYSTEM
_cWALLERSTEIN,I
942 _2udc
_cBK
999 _c15082
_d15082